V Bratislave miera nezamestnanosti únosná.

K 31.12.1992 predstavovala nezamestnanosť v Bratislave 3,8 perc., v porovnaní s celoslovenským priemerom je približne trojnásobne nižšia. Výklad príčin tohto nízkeho stavu nezamestnanosti a predpokladaná miera nezamestnanosti v r. 1993.

Na minha lista:
Detalhes bibliográficos
Autor principal: Zábojníková, M.
Formato: Capítulo de Livro
Idioma:eslovaco
Assuntos:
Tags: Adicionar Tag
Sem tags, seja o primeiro a adicionar uma tag!

MARC

LEADER 00000naa a2200000 4500
001 r011378
005 20220826093556.0
041 0 |a slo 
044 |a [CS] 
245 1 0 |a V Bratislave miera nezamestnanosti únosná.  |c M. Zábojníková 
520 |a K 31.12.1992 predstavovala nezamestnanosť v Bratislave 3,8 perc., v porovnaní s celoslovenským priemerom je približne trojnásobne nižšia. Výklad príčin tohto nízkeho stavu nezamestnanosti a predpokladaná miera nezamestnanosti v r. 1993. 
610 2 0 |a nezamestnanosť 
610 2 0 |a Bratislava 
610 2 0 |a 1992 
610 2 0 |a 1993 
610 2 0 |a úrady práce 
100 1 |a Zábojníková, M.